LIBRARY & INFORMATION CENTRE, KCAET, TAVANUR

ONLINE PUBLIC ACCESS CATALOGUE (OPAC)

Teaching, learning strategies and mathematical creativity / (Record no. 2666)

MARC details
000 -LEADER
fixed length control field 00517cam a2200193ua 4500
020 ## - INTERNATIONAL STANDARD BOOK NUMBER
ISBN 81 7099 084 x
041 ## - LANGUAGE CODE
Language code of text/sound track or separate title eng
082 ## - DEWEY DECIMAL CLASSIFICATION NUMBER
Classification number 510.1
Item number BHO/TE
100 ## - MAIN ENTRY--AUTHOR NAME
Personal name Bhoodev singh, .
245 ## - TITLE STATEMENT
Title Teaching, learning strategies and mathematical creativity /
250 ## - EDITION STATEMENT
Edition statement 1 /
260 ## - PUBLICATION, DISTRIBUTION, ETC. (IMPRINT)
Place of publication Newdelhi :
Name of publisher Mittal Publications ,
Year of publication 1988.
300 ## - PHYSICAL DESCRIPTION
Number of Pages 194 ; .
942 ## - ADDED ENTRY ELEMENTS (KOHA)
Koha item type Books
Holdings
Withdrawn status Lost status Damaged status Home library Current library Date acquired Full call number Accession Number Koha item type
      KAUAET KAUAET 01/12/1988 510.1 16434 Books
      KAUAET KAUAET 01/12/1988 510.1 16435 Books
free website counter